[Event "Gashimov Memorial 5th"]
[Site "Shamkir"]
[Date "2018.04.20"]
[Round "2"]
[White "Topalov, Veselin"]
[Black "Giri, Anish"]
[Result "1/2-1/2"]
[WhiteElo "2749"]
[BlackElo "2777"]
[Annotator "Mokal,P"]
[PlyCount "97"]
[EventDate "2018.04.19"]
[EventType "tourn"]
[EventRounds "9"]
[EventCountry "AZE"]
[EventCategory "21"]
[SourceTitle "CBM 184"]
[Source "ChessBase"]
[SourceDate "2018.05.16"]
[SourceVersion "1"]
[SourceVersionDate "2018.05.16"]
[SourceQuality "1"]

1. c4 Nf6 2. Nc3 e5 3. Nf3 Nc6 4. a3 d5 5. cxd5 Nxd5 6. Qc2 Nxc3 7. dxc3 (7.
bxc3 {is a slightly more popular option}) 7... Bd6 8. e4 O-O 9. Bc4 (9. Be2 a5
10. O-O Qe7 11. Bg5 (11. Re1 h6 12. Rb1 Be6 13. b4 axb4 14. cxb4 Bg4 $132 {
1/2-1/2 (51) Iturrizaga Bonelli,E (2645)-Gao,R (2468) Cappelle la Grande 2014})
11... f6 12. Be3 Be6 13. b4 axb4 14. axb4 Qf7 $11 {1-0 (37) Smirin,I (2656)
-Quesada Perez,Y (2649) Tromso 2014}) (9. Be3 Qe7 10. Rd1 f5 $5 11. exf5 Bxf5
12. Qb3+ Kh8 13. Qxb7 e4 14. Nd2 Ne5 $32 {0-1 (27) Lenderman,A (2581)-Adhiban,
B (2544) Wijk aan Zee 2011}) 9... Qe7 (9... Bg4 {[%cal Gf1c4,Gc8g4] is a
natural reaction and the idea can be seen in use 9...a5}) (9... Kh8 {[%cal
Gf7f5] is another possibility which is similar to the Lenderman- Adhiban game
above but here white is comparitively better developed and so there's nothing
to worry about.}) (9... a5 10. a4 Bg4 11. h3 Bxf3 12. gxf3 Qf6 13. Rg1 $13 h6
14. Be3 Rfd8 15. O-O-O $36 {0-1 (30) Muthaiah,A (2316)-Preotu,R (2463) Porto
Carras 2015}) (9... Qe8 10. b4 a5 11. b5 Nd8 12. a4 Kh8 13. Nd2 Ne6 14. Bxe6 $6
Bxe6 $15 {0-1 (30) Doostkam,P (2095)-Ly,M (2506) Dubai UAE 2016}) 10. Bg5 Qe8
11. O-O-O $5 {Topalov later admitted that this was probably a bit too
optimistic} (11. O-O Be6 {is normal and sedate.}) 11... Be6 ({Black could have
immediately tried to use the weakened light squares around the white king to
create some play with} 11... Na5 $142 {[%csl Ga2,Gb3]} 12. Bd5 (12. Ba2 Bd7 (
12... Be6 13. Bxe6 Qxe6 14. Nd2 b5 $15) 13. Kb1 Ba4 14. b3 Bd7 $15) 12... Bd7
$1 $36 {[%cal Gd7a4]} (12... Be6 13. c4)) 12. Bd5 f6 13. Be3 Bxd5 14. Rxd5 Ne7
15. Rdd1 (15. Rd2 {[%cal Gf3d2] gets in the knight's way} a5 (15... b5 16. c4)
(15... Qg6 16. Nh4) (15... Qc6 16. c4 b6 17. Rhd1 Bc5) 16. c4 $11 (16. Qb3+ Kh8
17. a4 Qg6 $17 {[%csl Rf3]}) (16. Rhd1)) (15. Rd3 {gets in the queen's way} Qg6
{[%csl Re4,Rg2]} (15... Qc6 16. Nd2 $14)) 15... Qc6 16. Nd2 a5 ({The counter} 
16... b5 $6 {does not work because of the nice positional stroke} 17. c4 $14 {
which breaks Black's structure and makes the position of the king irrelevant
when the queen exchange happens.}) 17. Qb3+ Kh8 18. Qc4 $1 Qd7 (18... Qxc4 $6
19. Nxc4 $16) (18... a4 19. Qxc6 Nxc6 20. Nc4 Be7 21. Rd5 $14) 19. a4 b6 (19...
Rab8 20. Qb5) (19... c6 20. Nb3 $16 {[%cal Gb3c5,Ge3c5]}) (19... Ng6 20. h4 $14
) 20. f3 Rab8 21. Kc2 ({Giri was prepared for} 21. Qb5 Qxb5 22. axb5 Rbd8 23.
Nc4 Nc8 {with a solid defence.}) 21... b5 $1 {Black sees his chance and
correctly decides to counter.} 22. axb5 Rxb5 23. Ra1 Rfb8 24. b3 (24. Ra2 h6 (
24... a4 25. Rha1) 25. Rha1 Nc6 26. Qd3 {[%cal Gd2c4]} Qf7 27. Nc4 Bc5 28. Bxc5
Rxc5 29. b3 Rcb5 30. Rb2 $11) 24... Ng6 25. Qa4 Qe7 ({Another dynamic idea was
} 25... Nf4 $5 26. Bxf4 (26. g3 $6 Bc5 $1 27. gxf4 (27. Bxf4 exf4 28. gxf4 Rd8
$17) (27. Bxc5 $2 Qd3+) 27... Bxe3 $15) 26... exf4 27. Nc4 Qe6 $132 {[%cal
Gh7h6,Gf6f5]}) (25... Bc5 $5 26. Bxc5 Nf4 27. Bd4 exd4 28. Qxd4 Qc6 $44) 26.
Nc4 Bc5 27. Bxc5 Qxc5 28. Rhd1 Nf4 29. Rd2 h6 (29... Rxb3 $4 30. Qxb3 $18) (
29... Ne6 30. Qa3 $14) 30. Qa3 {Giri was a bit surprised as he had not given
much importance to this idea and that probably explains his knee jerk reaction
to it.} a4 $6 {Actually at first sight this looks like a brilliant counter in
some way but White has a very cool antidote} ({In the post mortem Giri
mentioned that he regretted not going for} 30... Qc6 $142 31. Nxa5 Qe6 $44 {
which is serious compensation for the pawn due to the vulnerability of the
white king for example} (31... Qe8 $5 32. g3 Ne6) 32. g3 (32. Nc4 Kh7 $44 33.
Qa6 Qf7 34. Ra3 $2 Qxc4 $19) 32... Nh3 33. b4 (33. Nc4 Ng5 $15) 33... c5 $132)
(30... Ne6 $6 {can be refuted with some simple tactics} 31. Qxc5 Nxc5 32. Rxa5
Nxb3 33. Rd8+ $1 Kh7 (33... Rxd8 34. Rxb5 {[%csl Rb3]} Na1+ 35. Kb2 $18) 34.
Rxb8 Rxb8 35. Ra7 c6 (35... c5 36. Ra3 $18) 36. Ra6 $16) 31. bxa4 (31. Qxa4 $2
Rxb3 32. Qxb3 Rxb3 33. Kxb3 Qb5+ $19) 31... Rb4 32. Rb1 $1 {The point.} (32.
cxb4 Rxb4 33. Kd1 (33. Ra2 Qxc4+ $19) (33. Qa2 Rxc4+ $19) 33... Qg1+ (33...
Qxc4 34. Rc1 Qf1+ 35. Kc2 Qc4+ 36. Qc3 Qa2+ 37. Kd1 Qxa4+ 38. Ke1) 34. Kc2 Qc5
$11) 32... Qxc4 33. Rxb4 Rxb4 34. Qxb4 Qa2+ 35. Qb2 Qxa4+ 36. Qb3 Qa6 {The
clouds have cleared and White has come out with a comfortable advantage.} 37.
g3 (37. Qb8+ Kh7 38. Qxc7 Qa2+ $11) (37. Rd8+ Kh7 38. Qg8+ Kg6) (37. h4 $5 $16)
37... Ne6 38. Qd5 $6 ({The classical approach with} 38. h4 $142 {was the best
one but somehow Topalov miscalculated and could not work out the win if Black
countered with ...Nc5} Kh7 {[%cal Ge6c5]} (38... h5 39. Qd5 {[%cal Gd5c5]} Qb6
40. f4 $18) (38... Nc5 $2 39. Rd8+ Kh7 40. Qg8+ Kg6 41. h5+ Kxh5 42. Qxg7 $18 {
Black queen's checks can be dismissed easily after} Qa2+ (42... Qe2+ 43. Rd2
$18) 43. Kd1 Qb1+ 44. Ke2 Qc2+ (44... Qb5+ 45. Ke3 $18) 45. Rd2) 39. Qd5 {
[%cal Gd5c5] The main idea for White is to now take his king to the kingside.}
Qb6 (39... Qa4+ 40. Kd3 Qa6+ 41. Ke3 $18) (39... Kh8 40. h5 Kh7 41. Rd3 Kh8 42.
Kd2 Kh7 43. Ke3 $18) 40. Qc4 Nc5 41. Rd8 Ne6 42. Rd5 Qf2+ 43. Rd2 Qb6 44. Kd3
Nc5+ 45. Ke2 Ne6 46. Kf1 Qe3 47. Qd3 $18) 38... Ng5 39. f4 Nf3 {Giri's does
not miss his only chance of counterplay. The black king seems precariously
placed but the white king's vulnerability gives Black tactical opportunities.}
(39... Qa4+ 40. Kd3 Qa6+ 41. Ke3 Qb6+ 42. Ke2 Qa6+ 43. Qd3 $18) 40. Rd1 (40.
Rf2 $5 c6 (40... exf4 41. gxf4 $16) (40... Ne1+ 41. Kd2 $18 {[%csl Re1]} Qa1
42. Qb3) 41. Qb3 Kh7 (41... Ne1+ 42. Kd1 Nd3 43. Ra2 $18) 42. h3 (42. h4 f5 43.
exf5 e4 {[%csl Gd3,Gf3][%cal Ga6d3,Ge4f3,Ge4d3]}) 42... f5 43. exf5 e4 $132)
40... Qe2+ (40... c6 $5) 41. Kb3 ({This was White's last chance to get
something out of it} 41. Kc1 $5 Kh7 (41... Qxh2 42. Qe6 $18) (41... Qe3+ 42.
Kb2 Qe2+ (42... exf4 43. gxf4 Qxf4 44. Qf5 {[%cal Gd1d8]} Qxf5 45. exf5 Nxh2
46. Rd7 $16) 43. Ka3 Qa6+ (43... Nd4 44. cxd4 Qxd1 45. fxe5 fxe5 46. Qxe5 $16 {
[%cal Ga3b4,Gb4c5]}) 44. Kb4 $14) 42. Qd3 (42. Qd7 Qe3+ 43. Kb2 Qf2+ 44. Ka3
Qc5+ $11) 42... Qf2 43. h4 c5 (43... Qxg3 44. Rf1) 44. h5 $14) 41... Nd4+ $1 (
41... c5 42. Qd3 c4+ 43. Kxc4 Qa2+ 44. Kc5 $18) 42. Rxd4 exd4 43. Qxd4 Qxh2 44.
Qd8+ (44. e5 $5 fxe5 45. fxe5 Qxg3 46. e6 Qg6 47. Qd8+ Kh7 48. e7 Qb1+ (48...
Qb6+ $2 49. Kc2 Qf2+ 50. Qd2 Qf7 (50... Qf5+ 51. Qd3 $18) 51. Qd7 $18) 49. Kc4
Qa2+ 50. Kd3 Qb1+ 51. Kd2 Qb2+ 52. Ke3 Qc1+ 53. Qd2 (53. Ke2 Qc2+ 54. Qd2 Qe4+
55. Qe3 Qc2+ $11) 53... Qg1+ $11) 44... Kh7 45. Qd3 Kh8 46. e5 fxe5 47. fxe5
Qg2 (47... Qf2 48. Qe4 (48. Qd8+ Kh7 49. Qxc7 Qxg3 $11) 48... Qb6+ 49. Kc4 Qa6+
$11) 48. Qd8+ ({White could have tried pushing the pawn but eventually it just
changes the side that gives the perpetual check, for example} 48. e6 Qb7+ (
48... Kg8 $2 49. Qd8+ Kh7 50. e7 Qb7+ 51. Kc2 Qg2+ 52. Qd2 Qc6 53. Qe3 Qe8 54.
Qe6 g6 55. Kd3 h5 56. Ke4 $18) 49. Kc2 Qg2+ 50. Kc1 Qg1+ (50... Kg8 51. Qd8+
Kh7 52. e7 Qf1+) 51. Kd2 Qf2+ 52. Kd1 (52. Qe2 $4 Qxe2+ 53. Kxe2 Kg8 $19) 52...
Qg1+ 53. Kd2 $11) 48... Kh7 49. Qd3+ 1/2-1/2

[Event "DEN-ch"]
[Site "Aarhus"]
[Date "1999.03.31"]
[Round "5"]
[White "Schandorff, Lars"]
[Black "Mortensen, Erling"]
[Result "1/2-1/2"]
[WhiteElo "2525"]
[BlackElo "2420"]
[Annotator "Mortensen,E"]
[PlyCount "116"]
[EventDate "1999.03.??"]
[EventType "tourn"]
[EventRounds "9"]
[EventCountry "DEN"]
[EventCategory "10"]
[SourceTitle "CBM 071"]
[Source "ChessBase"]
[SourceDate "1999.08.01"]
[SourceVersion "1"]
[SourceVersionDate "1999.08.01"]
[SourceQuality "1"]

1. c4 Nf6 2. Nc3 e5 3. Nf3 Nc6 4. d3 Bb4 5. e4 d6 6. g3 {A very slow buildup
giving away the dark squares immediatly hoping for king side play at some
later point.} Bg4 7. h3 (7. Be2 {was played by Nimzowitsch (against Sämisch in
Dresden 1926)but does not look very dangerous. Maybe 6. Be2 was the best move?}
) 7... Bxf3 8. Qxf3 a5 $1 $146 {Going for some more dark squares. Other plans
are also possible:} (8... a6 9. Bg2 b5 10. O-O Bxc3 11. bxc3 bxc4 12. dxc4 Nb8
{1/2-1/2 Bukal,Vladimir Sr-Sax,Gyula/Rome ;MCL 02 1986}) 9. Bg2 (9. a3 Bc5 $11
{was safer. White now gets into trouble.}) 9... a4 $1 10. Bd2 (10. a3 Nd4 11.
Qd1 Bxc3+ 12. bxc3 Nb3 13. Rb1 Nxc1 14. Qxc1 Nd7 $1 $15 {The Knight is
stronger than the bishop.}) 10... a3 11. b3 Nd4 (11... Nd7 $1 12. O-O Nc5 13.
Be1 Nd4 14. Qd1 c6 {was more precise.}) 12. Qd1 c6 13. Ne2 Bxd2+ 14. Qxd2 Nxe2
(14... Qb6 $1) 15. Kxe2 $1 $15 Qb6 16. Rab1 Nd7 17. Rhd1 O-O (17... Nc5 18. d4
Ne6 $2 19. dxe5 dxe5 20. Qd7+ Kf8 21. Qd6+) 18. d4 Rfd8 19. Kf1 c5 $5 20. d5
Qa5 21. Qxa5 Rxa5 22. Ke1 Ra6 23. Kd2 Rb6 24. Bf1 Nb8 25. Bd3 Na6 26. Rbc1 Nb4
$15 27. Bb1 Ra6 28. Rf1 Re8 29. Rc3 Raa8 30. Re3 Re7 31. Re2 (31. f4 $1) 31...
Rae8 32. Re3 g6 33. g4 Kg7 34. Rg3 Rh8 35. h4 f6 $6 (35... h5 36. g5 Rf8 $15)
36. Rfg1 Kf8 37. Ke3 Rg7 38. Ke2 Kf7 39. Rf3 Ke7 40. Rfg3 Rb8 41. Rh1 Rbg8 42.
Rhg1 Kf7 43. Rf3 Rf8 44. Rfg3 Kg8 45. Kd2 Rff7 46. Ke3 h5 47. gxh5 gxh5 48. Kf3
(48. Rxg7+ Rxg7 49. Rxg7+ Kxg7 50. f4 $11) 48... Rxg3+ 49. fxg3 Rh7 50. g4
hxg4+ 51. Rxg4+ Kf7 52. Kg3 Na6 (52... b5 $5 53. Kh3 (53. cxb5 f5 54. exf5 Nxd5
$17) 53... bxc4 54. bxc4 Rh8 55. Rg3) 53. Bd3 Nb4 54. Bb1 Rh8 55. Kh3 Na6 56.
Bd3 Nb8 57. Rg3 Na6 (57... Nd7 58. Be2 Nf8 59. Bg4 Ng6 60. Be6+ Kg7 61. Rg4 Kh6
62. Kg3 Nf4 63. Bf5 {and the white pieces are too active.}) 58. Rg4 Nb4 1/2-1/2

[Event "Match/Team URS-World 20,5-19,5"]
[Site "Belgrade"]
[Date "1970.03.31"]
[Round "2.4"]
[White "Polugaevsky, Lev"]
[Black "Hort, Vlastimil"]
[Result "1/2-1/2"]
[WhiteElo "2640"]
[BlackElo "2610"]
[Annotator "Polugaevsky/Hort"]
[PlyCount "59"]
[EventDate "1970.03.29"]
[EventType "team"]
[EventRounds "4"]
[EventCountry "YUG"]
[SourceTitle "MCL"]
[Source "ChessBase"]
[SourceDate "1999.07.01"]
[SourceVersion "1"]
[SourceVersionDate "1999.07.01"]
[SourceQuality "1"]
[WhiteTeam "World"]
[BlackTeam "World"]
[TimeControl "40/9000:16/5400:0"]

1. c4 e5 2. Nc3 Nc6 3. Nf3 (3. g3 g6 4. Bg2 Bg7 5. Rb1 {Polugaevsky=:P}) 3...
Nf6 4. e3 (4. d4 exd4 5. Nxd4 Bb4 6. Bg5 {P}) 4... d6 (4... Be7 5. d4 exd4 6.
Nxd4 d5 {P}) (4... Bb4 $142 {Hort=:H}) 5. d4 Bg4 6. d5 Nb8 (6... Ne7 {H}) 7. e4
Be7 8. h3 Bh5 $146 {P/H} (8... Bxf3 9. Qxf3 $16 Nfd7 10. Bd3 Bg5 $6 11. Qg3 {
[%csl Rg7]} Bxc1 12. Qxg7 Bxb2 13. Qxh8+ Nf8 {Hort}) (8... Bd7 9. Be3 c5 10.
dxc6 Bxc6 11. Bd3 Nbd7 12. O-O O-O 13. b4 b6 14. Nd5 Rc8 15. Qb3 Nxd5 16. cxd5
Bb7 17. Rfc1 g6 18. Qa4 Ra8 19. Bb5 Nb8 20. Bh6 f5 21. Bxf8 Qxf8 22. Rc7 fxe4
23. Rxb7 exf3 24. Rc1 {1-0 (24) Pachman,L-Ivanco,I Bratislava 1959}) 9. Be3 a5
10. Bd3 (10. Be2 Bxf3 11. Bxf3 Nfd7 {P g5 P}) 10... Na6 11. g4 Bg6 12. Qe2 (12.
c5 $13 {H}) 12... Nd7 13. h4 h5 14. g5 Ndc5 15. Bc2 c6 16. a3 O-O 17. Nd2 cxd5
18. cxd5 Rc8 (18... Qb8 $142 {P c8 H}) 19. Rb1 $1 {P} f6 $1 {P} (19... Qd7 $2
20. b4 {H}) 20. Rg1 (20. b4 Ne6 $1 {H}) 20... Kh7 (20... fxg5 {o/o} 21. hxg5 {H
}) 21. Rg3 (21. Nf1 $142 {P g3 P P g3-f5 H}) (21. b4 axb4 22. axb4 Ne6 $1 {P})
21... Qe8 {P 22... a4 H} 22. Nc4 b5 (22... fxg5 $142 {P 23... b5! P}) 23. gxf6
$1 {P} (23. Nxa5 fxg5 (23... b4 24. Bxc5 Rxc5 25. Qxa6 bxc3 26. b4 $1 Rc7 27.
Nc6 fxg5 28. hxg5 h4 $14 {H}) 24. hxg5 b4 $1 25. Bxc5 Rxc5 26. Qxa6 bxc3 27. b4
Rc8 {P}) 23... bxc4 24. fxe7 Qxe7 25. Rg5 $2 (25. Kd2 $1 {P b1-g1/+- H} Be8 26.
Qxc4 $16 {P}) (25. Qxc4 $18 {H}) 25... Nd3+ $1 {P/H} 26. Bxd3 cxd3 27. Qxd3 Nc5
28. Bxc5 Rxc5 29. Ke2 (29. f3 $142 {Evans}) 29... Qb7 $1 {P} 30. b4 (30. b4
axb4 31. axb4 Rxc3 $5 (31... Rc7 32. Rb3 $1) 32. Qxc3 Bxe4 33. Rbg1 g6 {H})
1/2-1/2

[Event "Olympiad-37"]
[Site "Turin"]
[Date "2006.05.27"]
[Round "6"]
[White "Lenic, Luka"]
[Black "Kizov, Atanas"]
[Result "1-0"]
[WhiteElo "2466"]
[BlackElo "2427"]
[Annotator "Reeh,O"]
[PlyCount "53"]
[EventDate "2006.05.21"]
[EventType "team-swiss"]
[EventRounds "13"]
[EventCountry "ITA"]
[SourceTitle "CBM 113"]
[Source "ChessBase"]
[SourceDate "2006.07.31"]
[SourceVersion "1"]
[SourceVersionDate "2006.07.31"]
[SourceQuality "1"]
[WhiteTeam "Slovenia"]
[BlackTeam "Macedonia"]
[WhiteTeamCountry "SLO"]
[BlackTeamCountry "MKD"]

1. c4 e5 2. Nc3 Nf6 3. Nf3 Nc6 4. e3 Bb4 5. Qc2 Bxc3 {Simple and strong. Black
gives up the bishop for speedy development. Einfach und stark. Schwarz gibt
das Läuferpaar auf für schnelle Entwicklung.} (5... O-O {would allow würde} 6.
Nd5 {erlauben.}) 6. Qxc3 Qe7 7. d3 (7. d4 {can be well met by kann gut} Ne4)
7... d5 8. cxd5 Nxd5 9. Qb3 Nb6 10. Bd2 O-O 11. Be2 a5 $146 12. O-O Be6 13. Qc2
Rfd8 14. Rfc1 (14. Bc3) 14... Rd6 15. Qc5 (15. d4 {was interesting here,
freeing White's play even if involves the cost of a pawn. The bishops must
breath! In the game, White gets slowly but surely pushed back all over the
board. war hier interessant, um die weiße Stellung zu befreien, selbst, wenn
dies einen Bauern kostet. Das Läuferpaar muss atmen! In der Partie wird der
Anziehende nach und nach auf dem ganzen Brett zurückgedrängt.}) 15... f6 16.
Be1 a4 17. a3 Rad8 18. Nd2 f5 $1 {Queenside and centre are under control, the
kingside attack can begin! Damenflügel und Zentrum sind unter Kontrolle, der
Angriff am Königsflügel kann losgehen!} 19. Qc2 Bd5 20. g3 Rh6 21. Nf3 e4 22.
dxe4 fxe4 23. Nh4 Rf8 24. Qc5 Qe6 25. Rd1 g5 26. Rxd5 {Desperation - but
setting a small trap... Verzweiflung - stellt aber noch eine kleine Falle...} (
{After Auf} 26. Ng2 {is ist} Qh3 {absolutely killing. absolut tödlich.}) 26...
Qxd5 $4 ({After the simple Nach dem einfachen} 26... Nxd5 {Black would be an
exchange up without any compensation for White, e.g. hätte Schwarz eine
Qualität mehr ohne jegliche Kompensation für Weiß, zum Beispiel} 27. Bc4 (27.
Bg4 Qxg4 28. Qxd5+ Re6) 27... Nce7) {[%tqu "En","Feeling very close to victory,
Black has just taken on d5 with the queen. Does White have to resign now?",
"White can use the fact that Black is a bit loose on the fifth rank. If the
black queen could be lured away from d5, White's queen could take on g5 with
devastating effect.","The black knight b6 doesn't really cover the square c4,
because it has to guard the black queen...","e2c4","Very nice! The bishop goes
to a twice protected square, luring away the black queen from the fifth rank.
Note that the White can't be taken because of the pin along the diagonal c4-g8.
",10,"De","Im Gefühl des sicheren Sieges hat Schwarz gerade auf d5 mit der
Dame geschlagen. Muss Weiß nun die Segel streichen?","Weiß kann die Tatsache
nutzen, dass die fünfte Reihe von Schwarz recht schwach ist. Wenn sich die
schwarze Dame von d5 weglocken ließe, könnte die weiße mit vernichtender
Wirkung auf g5 schlagen.","Der schwarze Springer b6 deckt nicht wirklich das
Feld c4, da er ja die schwarze Dame bewachen muss...","e2c4","Sehr schön! Der
Läufer geht auf ein zweimal gedecktet Feld und lockt damit die Dame von der
fünften Reihe. Man beachte, dass die weiße Dame nicht geschlagen werden kann
wegen der Fesselung auf der Diagonalen c4-g8.",10]} 27. Bc4 $1 {Very nice! The
bishop goes to a twice protected square, luring away the black queen from the
fifth rank. Note that the White can't be taken because of the pin along the
diagonal c4-g8. Sehr schön! Der Läufer geht auf ein zweimal gedecktet Feld und
lockt damit die Dame von der fünften Reihe. Man beachte, dass die weiße Dame
nicht geschlagen werden kann wegen der Fesselung auf der Diagonalen c4-g8.} (
27. Bc4 $1 {and Black resigned, as after und Schwarz gab auf, denn nach} Qxc4
28. Qxg5+ Kf7 (28... Rg6 {is even worse: ist sogar noch schlechter:} 29. Nxg6
hxg6 30. Qxg6+ Kh8 31. Bc3+) 29. Qxh6 {his position is just a mess. lohnt
seine Stellung das Weiterspielen nicht mehr.}) 1-0